000 00617nam a22001937a 4500
999 _c193701
_d193701
005 20221109165212.0
010 _aENG-135634
020 _a9789381236161
_c250.00
035 _aEN-119166
037 _bDBAD/PUB
082 _a620.11
245 _aProceeding national conference on advances in material science/
_cedited by D. Geetha & P.S. Ramesh
260 _aChidambaram
_bSri Velan Pathippagam
_c2012
270 _aS.P. Koil Street
_bChidambaram
_e608001
300 _a255p.
_c19cm(pbk)
_bReference & Index
700 _aGeetha, D.
700 _aRamesh, P.S.
942 _2ddc
_cEN
_mGEE
_h620.11